|
|
|
|
| LEADER |
01336nam a2200385 a 4500 |
| 001 |
EBC592968 |
| 003 |
MiAaPQ |
| 005 |
20200520144314.0 |
| 006 |
m o d | |
| 007 |
cr cn||||||||| |
| 008 |
820326s1981 enk sb 001 0 eng d |
| 020 |
|
|
|z 0710008562
|
| 020 |
|
|
|z 9780415611879
|
| 020 |
|
|
|z 0203830628 (master e-book)
|
| 020 |
|
|
|a 9780203830628 (electronic bk.)
|
| 035 |
|
|
|a (MiAaPQ)EBC592968
|
| 035 |
|
|
|a (Au-PeEL)EBL592968
|
| 035 |
|
|
|a (CaPaEBR)ebr10442802
|
| 035 |
|
|
|a (CaONFJC)MIL324199
|
| 035 |
|
|
|a (OCoLC)700696827
|
| 040 |
|
|
|a MiAaPQ
|c MiAaPQ
|d MiAaPQ
|
| 050 |
|
4 |
|a HG231
|b .C78 1981
|
| 082 |
0 |
4 |
|a 332.4
|2 19
|
| 100 |
1 |
|
|a Crump, Thomas.
|
| 245 |
1 |
4 |
|a The phenomenon of money
|h [electronic resource] /
|c Thomas Crump.
|
| 260 |
|
|
|a London ;
|a Boston :
|b Routledge & Kegan Paul,
|c 1981.
|
| 300 |
|
|
|a xiii, 366 p.
|
| 490 |
1 |
|
|a Routledge revivals
|
| 504 |
|
|
|a Includes bibliographical references (p. [224]-234) and index.
|
| 533 |
|
|
|a Electronic reproduction. Ann Arbor, MI : ProQuest, 2015. Available via World Wide Web. Access may be limited to ProQuest affiliated libraries.
|
| 650 |
|
0 |
|a Money.
|
| 655 |
|
4 |
|a Electronic books.
|
| 710 |
2 |
|
|a ProQuest (Firm)
|
| 830 |
|
0 |
|a Routledge revivals.
|
| 856 |
4 |
0 |
|u https://ebookcentral.proquest.com/lib/matrademy/detail.action?docID=592968
|z Click to View
|